00328nam a2200133Ia 4500008004100000020001500041041001200056082001600068100001500084245003700099260003100136300000800167650001900175221030s9999 xx 000 0 und d a8170081696 aEnglish a105.23bBal aN. P. Bali 0aIntegral Calculuscby N. P. Bali bLaxmi PubaNew Delhic2004 a731 aBE Mathematics